Wird geladen...

The New Poetic

Bibliographische Detailangaben
1. Verfasser: Stead C K
Format: Printed Book
Veröffentlicht: London; Hutchinson & co; 1964
Ausgabe:Ist
Schlagworte:
LEADER 00465nam a22001457a 4500
082 |a 824  |b STE/T 
100 |a Stead C K  |9 317650 
245 |a The New Poetic 
250 |a Ist 
260 |a London;  |b Hutchinson & co;  |c 1964 
300 |a 199p. 
650 |a Poetry Study; English Literature  |9 318083 
942 |c BK 
999 |c 77082  |d 77082 
952 |0 0  |1 0  |4 0  |6 824_000000000000000_STE_T  |7 0  |8 POES  |9 90385  |a MAL  |b MAL  |d 2017-05-09  |e 20335  |l 0  |o 824 STE/T  |p MAL020335  |r 2017-05-09  |t 1  |w 2017-05-09  |y BK